000 00373pab a2200145 454500
008 180718b1991 xxu||||| |||| 00| 0 eng d
100 _aJoshi, P.S.
245 _aMethod of accounting under Companies Act 1956 and Income - Tax Act, 1961.
260 _c1991
300 _a711-12,720
362 _aMar.
650 _aAccounting
773 _aChatered Accountant
909 _a572
999 _c572
_d572